| 000 | 00468nam a2200157Ia 4500 | ||
|---|---|---|---|
| 008 | 230312s9999||||xx |||||||||||||| ||und|| | ||
| 020 | _a81 7635 435-X | ||
| 082 |
_a658.80385 _bWAL-E |
||
| 100 | _aWalther, Stephen | ||
| 245 | 0 | _aE-Commerce programming with ASP in 21 days | |
| 260 |
_bTechmedia _aNew Delhi _c2000 |
||
| 300 | _a603 | ||
| 546 | _aEng. | ||
| 650 |
_aComputer _vInteracting with the customer, Displaying your products, Searching for products |
||
| 942 | _cBK | ||
| 999 |
_c113 _d113 |
||